000
00292nam a2200121Ia 4500
008
190216s9999||||xx |||||||||||||| ||und||
100
_a
Vaikom Chandrasekharan Nair
245
0
_a
Gothra Daham
260
_b
D C Books Kerala
_c
1983
300
_a
235p
650
_a
Malayalam Novel
942
_c
BK
999
_c
26081
_d
26081